MARC

LEADER 00000cam a2200000 4500
001 vtls012059839
003 SK-MaSNL
005 20260302055010.0
008 210623s2021 xo ao gr 000 e slo
015 |a SNBA2022/2 
020 |a 9788097388003  |q (viazané) 
040 |a SNK  |b slo  |c SNK  |e rda 
041 1 |a slo  |h rus 
044 |a xo  |c SK 
072 7 |a 22/24  |x Náboženstvá Ďalekého východu. Indické náboženstvá. Hinduizmus. Budhizmus  |2 konspekt 
072 7 |a 133  |x Ezoterizmus. Okultizmus  |2 konspekt 
080 |a 24-584.5  |2 2011 
080 |a 17.02  |2 2011 
080 |a 22/24-582/-587  |2 2011 
080 |a 165.322  |2 2011 
080 |a 930.85  |2 2011 
080 |a 133  |2 2011 
080 |a 118:130.33  |2 2011 
080 |a 159.9.016.1  |2 2011 
080 |a 22/24-583  |2 2011 
080 |a (049)  |2 2011 
080 |a (0:82-83)  |2 2011 
100 1 |a Novych, Anastasija  |4 aut  |9 175885 
240 1 0 |a AllatRa  |l Slovensky 
245 1 0 |a AllatRa  |c Anastasia Novych ; z ruského originálu Allatra preložil kolektív prekladateľov MSH ALATRA 
250 |a 1. vydanie 
264 1 |a [Malé Kršteňany]  |b Biely Lotos  |c 2021 
300 |a 860 strán  |b fotografie, ilustrácie  |c 21 cm 
336 |a text  |b txt  |2 rdacontent 
337 |a bez média  |b n  |2 rdamedia 
338 |a zväzok  |b nc  |2 rdacarrier 
500 |a Miesto vydania podľa NA ISBN 
650 0 7 |a zmysel života  |2 SNKPH  |9 4977 
650 0 7 |a duchovná cesta  |2 SNKPH  |9 67470 
650 0 7 |a sebapoznanie  |2 SNKPH  |9 4292 
650 0 7 |a duchovné poznanie  |2 SNKPH  |9 3767 
650 0 7 |a dejiny civilizácie  |2 SNKPH  |9 4306 
650 0 7 |a ezoterizmus  |2 SNKPH  |9 2084 
650 0 7 |a kozmická energia  |2 SNKPH  |9 82189 
650 0 7 |a telo a myseľ  |2 SNKPH  |9 74630 
650 0 7 |a Šambala (mýtická ríša)  |2 SNKPH  |9 3766 
650 0 7 |a meditácia  |2 SNKPH  |9 2005 
650 0 7 |a Sense of life  |2 SNKPHeng  |9 270861 
650 0 7 |a Spiritual path  |2 SNKPHeng  |9 276105 
650 0 7 |a Self-consciousness  |2 SNKPHeng  |9 281701 
650 0 7 |a Spiritual knowledge  |2 SNKPHeng  |9 281702 
650 0 7 |a History of civilization  |2 SNKPHeng  |9 286157 
650 0 7 |a Esotericism  |2 SNKPHeng  |9 329846 
650 0 7 |a Cosmic energy  |2 SNKPHeng  |9 330961 
650 0 7 |a Body and mind  |2 SNKPHeng  |9 182705 
650 0 7 |a Meditation  |2 SNKPHeng  |9 276141 
650 0 7 |a ezoterické aspekty  |2 SNKPH  |9 3842 
655 7 |a rozpravy  |2 SNKPH  |9 70559 
655 7 |a fiktívne rozhovory  |2 SNKPH  |9 78867 
655 7 |a Essays  |2 SNKPHeng  |9 267540 
655 7 |a Imaginary conversations  |2 SNKPHeng  |9 341578 
710 2 |a MSH ALATRA  |4 trl  |9 511949 
852 |a Štátna vedecká knižnica v Banskej Bystrici 
919 |a 978-80-973880-0-3 
958 |a OP 
958 |a RU 
958 |a NT 
999 |c 1115607  |d 1117537 
952 |a SNK  |b SNK  |y PREZ  |7 0  |p 17A1459073  |o snkSC 194337  |i snk2021/13353  |8 0  |0 0  |1 0  |4 0  |d 2021-09-21  |f 1  |l 0  |r 2025-10-14 00:00:00  |w 2026-02-24 
952 |a SNK  |b SNKPULT  |y VYP  |7 0  |p 17A1459074  |o snkSC 194337 D1  |i snk2021/13354  |8 0  |0 0  |1 0  |4 0  |d 2021-09-21  |l 1  |q 2026-05-07  |r 2026-04-07 09:48:57  |s 2026-04-07  |w 2026-02-24